000 00935nam a2200277Ia 4500
003 OSt
005 20221005110541.0
006 a|||||r|||| 00| 0
007 ta
008 221004b |||||||| |||| 00| 0 hin d
024 _a32434
037 _cTextual
040 _aCRL
_cCRL
_bhin
041 _2hin
_ahin
082 _aO152,1xN3, M1
100 _aअज्ञेय, संपा.
245 0 _aदूसरा सप्तक
246 _aDūsarā saptaka
250 _aतीसरा संस्करण
260 _aनई दिल्ली
_bभारतीय ज्ञानपीठ प्रकाशन भारत
_c1981
300 _a191पृ.
_ccm.
490 _aलोकोदय ग्रंथमाला; 281
650 _aहिन्दी साहित्य
942 _hO152,1xN3, M1
_cTEXL
_2cc
999 _c1019171
_d1019171